Metodický postup pri spracovaní cvičnej úlohy z programovania zameranej na usústavnenie a upevnenie vedomostí, zručnosti a návykov Záverečná práca

Enregistré dans:
Détails bibliographiques
Auteur principal: Chudíková, Sabína
Collectivité auteur: Vysoká škola ekonomická v Bratislave. Národohospodárska fakulta
Autres auteurs: Vojtánek, Stanislav
Format: Livre
Langue:slovaque
Publié: Bratislava 1987
Tags: Ajouter un tag
Pas de tags, Soyez le premier à ajouter un tag!

MARC

LEADER 00000nam a2200000 4500
001 c034501
005 20221219094717.7
041 0 |a slo 
044 |a SK 
245 1 0 |a Metodický postup pri spracovaní cvičnej úlohy z programovania zameranej na usústavnenie a upevnenie vedomostí, zručnosti a návykov  |b Záverečná práca  |c Sabína Chudíková ; Ved. práce Stanislav Vojtánek 
264 1 |a Bratislava  |c 1987 
300 |a 46 s. 
100 1 |a Chudíková, Sabína 
700 1 |a Vojtánek, Stanislav 
710 2 |a Vysoká škola ekonomická v Bratislave. Národohospodárska fakulta